Guess the Taylor Swift song with no hint 98 - Statistics

General Stats
  • This quiz has been taken 907 times
    901 since last reset
  • The average score is 172 of 250
Answer Stats
Answer % Correct
"I
99%
I
99%
You
97%
you
97%
the
93%
And
88%
and
88%
said
88%
When
88%
"When
88%
when
88%
in
87%
your
87%
it
86%
me
86%
me?"
86%
I'm
81%
love
80%
To
80%
to
80%
my
79%
Then
79%
be
76%
it's
76%
know"
76%
of
75%
this"
70%
were
70%
all
69%
I'll
68%
can
67%
go
67%
that's
67%
That's
67%
(That's
67%
at
66%
was
62%
did
61%
hear
60%
up
60%
see
59%
think
58%
ever
57%
time
55%
mm-mm
52%
some
49%
about
48%
knew
48%
face
46%
face)
46%
back
44%
back?"
44%
come
44%
or
44%
need
43%
our
43%
want
43%
baby
41%
wake
41%
mornin
40%
mornin'
40%
let
38%
space
36%
gone
34%
take
34%
yeah
33%
cryin
32%
cryin'
32%
made
32%
waitin
31%
waitin'
31%
Laughin
30%
Laughin'
30%
laughin'
30%
front
29%
sunny
29%
those
29%
stormin
28%
stormin'
28%
stormin')
28%
"Leave
26%
wrong
26%
Came
25%
gate
25%
gate)
25%
through
25%
watched
25%
miss
24%
put
24%
hard
23%
words
23%
harder
19%
mistakes
19%
past"
19%
tears
16%
"Honestly
15%
phone
15%
No matching quizzes found
Score Distribution
Percent of People with Each Score
Percentile by Number Answered
Your Score History
You have not taken this quiz since the last reset